[Event "SWE-chT 1920 Superettan"]
[Site "Sweden"]
[Date "2019.10.20"]
[Round "3"]
[White "Laith, Kasib"]
[Black "Svorono, Gabriel"]
[Result "1/2-1/2"]
[WhiteElo "2056"]
[BlackElo "2082"]
[PlyCount "91"]
[EventDate "2019.10.18"]
[EventType "team-tourn"]
[EventRounds "9"]
[EventCountry "SWE"]
[SourceTitle "EXT 2023"]
[Source "ChessBase"]
[SourceDate "2022.10.05"]
[SourceVersion "1"]
[SourceVersionDate "2022.10.05"]
[SourceQuality "1"]
[WhiteTeam "Kamraterna"]
[BlackTeam "Stockholm Rockaden II"]
[WhiteTeamCountry "SWE"]
[BlackTeamCountry "SWE"]

1. d4 Nf6 2. c4 e6 3. Nc3 Bb4 4. e3 0-0 5. Nf3 c5 6. Bd3 b6 7. 0-0 Bb7 8. a3 Bxc3 9. bxc3 d6 10. Nd2 e5 11. d5 Nbd7 12. e4 Re8 13. f3 Nf8 14. Rf2 h5 15. g3 Bc8 16. Qf1 Bd7 17. h3 h4 18. g4 Ng6 19. Nb3 Ba4 20. Bc2 Nf4 21. Bxf4 exf4 22. Nd4 Bxc2 23. Nc6 Qc8 24. Rxc2 Nd7 25. Rb2 Nb8 26. Nxb8 Rxb8 27. a4 Re7 28. Qc1 g5 29. Qc2 Qd8 30. Rab1 Reb7 31. Kf2 Kg7 32. Qb3 a6 33. Qa3 Qd7 34. Rb3 Kg6 35. R1b2 Kf6 36. Qa1 Kg6 37. Qb1 Kg7 38. Qa2 Kf6 39. Qa1 Kg7 40. Kg1 Kh8 41. Re2 Kg8 42. Rb1 Qe8 43. Rbe1 Qe5 44. Ra2 Qe8 45. Rae2 Qe5 46. Ra2 1/2-1/2

[Event "Gothenburg Kvibergspelen 09"]
[Site "Gothenburg"]
[Date "2019.09.27"]
[Round "2"]
[White "Svorono, Gabriel"]
[Black "Seo, Jung Min"]
[Result "0-1"]
[WhiteElo "2082"]
[BlackElo "2437"]
[PlyCount "33"]
[EventDate "2019.09.27"]
[EventType "swiss"]
[EventRounds "8"]
[EventCountry "SWE"]
[SourceTitle "EXT 2020"]
[Source "ChessBase"]
[SourceDate "2019.10.17"]
[SourceVersion "1"]
[SourceVersionDate "2019.10.17"]
[SourceQuality "1"]

1. e4 c5 2. Nf3 Nc6 3. d4 cxd4 4. Nxd4 Nf6 5. Nc3 d6 6. f3 e5 7. Nb3 Be7 8. Be3 Be6 9. Qd2 0-0 10. g4 a5 11. a4 Nb4 12. Nb5 Rc8 13. Bd3 d5 14. g5 Nh5 15. h4 d4 16. Bf2 Nf4 17. c4 0-1

[Event "Norrkoeping Easter op"]
[Site "Norrkoeping"]
[Date "2018.04.02"]
[Round "8"]
[White "Malmstig, Erik"]
[Black "Svorono, Gabriel"]
[Result "1-0"]
[WhiteElo "2327"]
[BlackElo "2102"]
[PlyCount "37"]
[EventDate "2018.03.30"]
[EventType "swiss"]
[EventRounds "9"]
[EventCountry "SWE"]
[SourceTitle "CBM 183 Extra"]
[Source "ChessBase"]
[SourceDate "2018.04.19"]
[SourceVersion "1"]
[SourceVersionDate "2018.04.19"]
[SourceQuality "1"]

1. c4 Nf6 2. d4 c6 3. Nc3 d5 4. cxd5 cxd5 5. Nf3 Nc6 6. e3 e6 7. Bd3 Bd6 8. 0-0 0-0 9. e4 dxe4 10. Nxe4 Nxe4 11. Bxe4 Qa5 12. Ng5 f5 13. Bc2 h6 14. Nf3 Qc7 15. Re1 e5 16. dxe5 Bb4 17. Bb3+ Kh7 18. Re3 f4 19. Re4 1-0

[Event "Norrkoeping Easter op"]
[Site "Norrkoeping"]
[Date "2018.04.01"]
[Round "7"]
[White "Svorono, Gabriel"]
[Black "Madebrink, Lars"]
[Result "1-0"]
[WhiteElo "2102"]
[BlackElo "2196"]
[PlyCount "105"]
[EventDate "2018.03.30"]
[EventType "swiss"]
[EventRounds "9"]
[EventCountry "SWE"]
[SourceTitle "CBM 183 Extra"]
[Source "ChessBase"]
[SourceDate "2018.04.19"]
[SourceVersion "1"]
[SourceVersionDate "2018.04.19"]
[SourceQuality "1"]

1. e4 c5 2. Nf3 d6 3. d4 cxd4 4. Nxd4 Nf6 5. Nc3 a6 6. h3 e6 7. g4 h6 8. Bg2 Be7 9. 0-0 Qc7 10. f4 Nc6 11. Kh1 Bd7 12. a4 Nxd4 13. Qxd4 Bc6 14. Qd3 g5 15. b4 d5 16. exd5 Nxd5 17. Nxd5 Bxd5 18. Bxd5 exd5 19. Bb2 Rg8 20. fxg5 Rxg5 21. Rae1 0-0-0 22. Rxf7 Rd7 23. Bf6 Bxf6 24. Rxf6 Re5 25. Rf8+ Rd8 26. Rxe5 Qxe5 27. Qf5+ Qxf5 28. Rxf5 d4 29. Kg2 d3 30. Rc5+ Kb8 31. cxd3 Rxd3 32. Rc4 Ra3 33. a5 b5 34. Rd4 Kc7 35. h4 Re3 36. Kf2 Rh3 37. g5 hxg5 38. hxg5 Rh5 39. Rg4 Rh7 40. g6 Rg7 41. Ke3 Kd6 42. Kf4 Ke6 43. Kg5 Rg8 44. Rf4 Ke5 45. Rf6 Kd5 46. Rxa6 Kc4 47. Kf6 Rf8+ 48. Ke7 Rf1 49. g7 Rg1 50. Kf7 Kxb4 51. Rg6 Rf1+ 52. Ke7 Re1+ 53. Kd7 1-0

[Event "Norrkoeping Easter op"]
[Site "Norrkoeping"]
[Date "2018.03.31"]
[Round "5"]
[White "Svorono, Gabriel"]
[Black "Jeferli, Mohammedali"]
[Result "1-0"]
[WhiteElo "2102"]
[BlackElo "1871"]
[PlyCount "127"]
[EventDate "2018.03.30"]
[EventType "swiss"]
[EventRounds "9"]
[EventCountry "SWE"]
[SourceTitle "CBM 183 Extra"]
[Source "ChessBase"]
[SourceDate "2018.04.19"]
[SourceVersion "1"]
[SourceVersionDate "2018.04.19"]
[SourceQuality "1"]

1. e4 e6 2. d4 d5 3. Nd2 Nf6 4. e5 Nfd7 5. Bd3 c5 6. c3 Nc6 7. Ne2 Qb6 8. Nf3 f6 9. exf6 Nxf6 10. 0-0 Bd6 11. Bf4 Bxf4 12. Nxf4 cxd4 13. cxd4 Qxb2 14. Re1 0-0 15. Re2 Qb6 16. Rb1 Qc7 17. Nxe6 Bxe6 18. Rxe6 Rae8 19. Qe2 Qd7 20. Bf5 Ne4 21. Rxe8 Qxe8 22. Bxe4 Qxe4 23. Qxe4 dxe4 24. Ng5 Nxd4 25. Rxb7 Ne2+ 26. Kf1 Nc3 27. Ne6 Rf6 28. Rxg7+ Kh8 29. Rc7 Rxe6 30. Rxc3 Ra6 31. a3 Ra4 32. Ke2 Kg7 33. Ke3 Kf6 34. Kf4 Kg6 35. Re3 Kf6 36. g4 Kg6 37. h4 h6 38. Ke5 h5 39. g5 Ra5+ 40. Kxe4 Ra4+ 41. Ke5 Rxh4 42. f4 Rh1 43. Ke4 h4 44. Kf3 Rg1 45. Re6+ Kg7 46. Ra6 Rg3+ 47. Kf2 Rg4 48. Rxa7+ Kg8 49. Kf3 h3 50. Ra6 Rg1 51. Rh6 Ra1 52. Rxh3 Rxa3+ 53. Kg4 Ra4 54. g6 Kg7 55. Kg5 Ra5+ 56. f5 Rb5 57. Rh7+ Kg8 58. Re7 Rb8 59. f6 Rc8 60. Rh7 Rc5+ 61. Kh6 Rf5 62. f7+ Kf8 63. Rh8+ Ke7 64. Re8+ 1-0

[Event "Deltalift op"]
[Site "Tylosand"]
[Date "2017.05.26"]
[Round "5"]
[White "Pantzar, Milton"]
[Black "Svorono, Gabriel"]
[Result "1/2-1/2"]
[WhiteElo "2321"]
[BlackElo "2022"]
[PlyCount "142"]
[EventDate "2017.05.25"]
[EventType "swiss"]
[EventRounds "8"]
[EventCountry "SWE"]
[SourceTitle "CBM 178 Extra"]
[Source "ChessBase"]
[SourceDate "2017.06.22"]
[SourceVersion "1"]
[SourceVersionDate "2017.06.22"]
[SourceQuality "1"]

1. e4 c5 2. Nf3 g6 3. d4 cxd4 4. Qxd4 Nf6 5. Nc3 Nc6 6. Qa4 d6 7. e5 Ng4 8. exd6 Qxd6 9. Bb5 Bg7 10. 0-0 0-0 11. Bf4 Nge5 12. Nxe5 Bxe5 13. Rad1 Qb8 14. Bxe5 Nxe5 15. Rfe1 a6 16. Qf4 axb5 17. Rxe5 Be6 18. Qd4 b4 19. Nd5 Bxd5 20. Rxd5 Rxa2 21. Qxb4 Qc7 22. c3 Rfa8 23. g3 Ra1 24. Qb5 Qc6 25. Qf1 Rxd1 26. Qxd1 Kg7 27. h4 Ra2 28. h5 Qb6 29. Qc1 f6 30. h6+ Kf7 31. Rd2 Qa6 32. Qc2 Qc4 33. Qd1 Ra5 34. Qf3 Rh5 35. Qxb7 Qa4 36. Qf3 Qa1+ 37. Rd1 Qxb2 38. g4 Rc5 39. Qa8 Qe2 40. Rd4 Rxc3 41. Qd5+ Qe6 42. Qxe6+ Kxe6 43. Kg2 g5 44. f4 gxf4 45. Rxf4 Kf7 46. g5 Kg6 47. gxf6 exf6 48. Rg4+ Kxh6 49. Rg8 Rc5 50. Kf3 Rg5 51. Ra8 Kg6 52. Rg8+ Kf5 53. Ra8 h5 54. Rh8 Kg6 55. Rg8+ Kh7 56. Ra8 h4 57. Ra4 Rh5 58. Kg4 Kg6 59. Kh3 Kg5 60. Rg4+ Kf5 61. Rb4 Rh7 62. Ra4 Rh6 63. Rb4 Ke5 64. Rb5+ Kd4 65. Ra5 Ke4 66. Ra4+ Kf5 67. Rb4 Rh7 68. Ra4 Re7 69. Rxh4 Re3+ 70. Kg2 Kg5 71. Ra4 f5 1/2-1/2

[Event "Deltalift op"]
[Site "Tylosand"]
[Date "2017.05.25"]
[Round "3"]
[White "Svorono, Gabriel"]
[Black "Tuomainen, Felix"]
[Result "1/2-1/2"]
[WhiteElo "2022"]
[BlackElo "2294"]
[PlyCount "68"]
[EventDate "2017.05.25"]
[EventType "swiss"]
[EventRounds "8"]
[EventCountry "SWE"]
[SourceTitle "CBM 178 Extra"]
[Source "ChessBase"]
[SourceDate "2017.06.22"]
[SourceVersion "1"]
[SourceVersionDate "2017.06.22"]
[SourceQuality "1"]

1. c4 e5 2. g3 d6 3. Bg2 f5 4. Nc3 Nf6 5. d4 e4 6. Bg5 c6 7. e3 Be7 8. Nge2 0-0 9. 0-0 Na6 10. f3 exf3 11. Bxf3 Nc7 12. Qd2 Qe8 13. Rae1 Ne6 14. Bxf6 Bxf6 15. e4 Ng5 16. exf5 Nxf3+ 17. Rxf3 Qh5 18. Ref1 Bd7 19. Ne4 d5 20. Nxf6+ Rxf6 21. cxd5 cxd5 22. Nc3 Qf7 23. g4 b5 24. b4 a5 25. a3 axb4 26. axb4 Rfa6 27. Re1 Qf8 28. Nxd5 Qd6 29. Ne7+ Kh8 30. d5 Ra2 31. Qf4 Qb6+ 32. Qe3 Qd6 33. Qf4 Qb6+ 34. Qe3 Qd6 1/2-1/2

[Event "Stockholm op"]
[Site "Stockholm"]
[Date "2016.08.20"]
[Round "8"]
[White "Mayrany, Fargalla"]
[Black "Svorono, Gabriel"]
[Result "1-0"]
[WhiteElo "1916"]
[BlackElo "2049"]
[PlyCount "95"]
[EventDate "2016.08.15"]
[EventType "swiss"]
[EventRounds "9"]
[EventCountry "SWE"]
[SourceTitle "EXT 2017"]
[Source "ChessBase"]
[SourceDate "2016.10.25"]
[SourceVersion "1"]
[SourceVersionDate "2016.10.25"]
[SourceQuality "1"]

1. e3 Nf6 2. b3 g6 3. Bb2 Bg7 4. f4 0-0 5. Nf3 d5 6. Be2 c5 7. 0-0 Nc6 8. Ne5 Qc7 9. d3 d4 10. Nxc6 Qxc6 11. e4 e5 12. Bc1 b5 13. a4 a6 14. Nd2 exf4 15. Rxf4 Nd7 16. Nf3 Ne5 17. Nxe5 Bxe5 18. Rh4 Qf6 19. Qe1 Be6 20. Bh6 Rfc8 21. g3 c4 22. bxc4 bxc4 23. Qd2 c3 24. Qc1 Bd7 25. Bg5 Qd6 26. Bf4 Rab8 27. Bxe5 Qxe5 28. Rf4 Rb4 29. Bg4 Bxg4 30. Rxg4 Rcb8 31. Rf4 R8b7 32. Rf1 Rb2 33. Rf2 Qa5 34. Kg2 R7b4 35. Qf4 Rb7 36. Qf6 R2b4 37. h4 Rxa4 38. Rxa4 Qxa4 39. Qd8+ Kg7 40. Qf6+ Kg8 41. Qd8+ Kg7 42. h5 Qb4 43. g4 Re7 44. h6+ Kxh6 45. Qf8+ Kg5 46. Rxf7 Rb7 47. Rf5+ gxf5 48. Qxf5+ 1-0

[Event "SWE-ch U20"]
[Site "Uppsala"]
[Date "2016.07.24"]
[Round "9"]
[White "Jogstad, Martin"]
[Black "Svorono, Gabriel"]
[Result "1-0"]
[WhiteElo "2200"]
[BlackElo "2069"]
[PlyCount "77"]
[EventDate "2016.07.16"]
[EventType "tourn"]
[EventRounds "9"]
[EventCountry "SWE"]
[SourceTitle "CBM 173 Extra"]
[Source "ChessBase"]
[SourceDate "2016.08.29"]
[SourceVersion "1"]
[SourceVersionDate "2016.08.29"]
[SourceQuality "1"]

1. Nf3 c5 2. e3 Nf6 3. c4 d5 4. cxd5 Nxd5 5. Nc3 g6 6. Qb3 Nc7 7. Bc4 e6 8. 0-0 Bg7 9. Rd1 Nc6 10. Qa3 Qe7 11. d4 cxd4 12. Qxe7+ Kxe7 13. exd4 Rd8 14. Bg5+ f6 15. Bf4 Nd5 16. Bxd5 exd5 17. Re1+ Kf8 18. Nb5 Bg4 19. Nc7 Rac8 20. Re3 Kg8 21. Nb5 g5 22. Bg3 Bxf3 23. gxf3 f5 24. f4 a6 25. Nc3 Nxd4 26. Rd1 g4 27. Kg2 Nf3 28. Nxd5 Kf8 29. h3 Bd4 30. hxg4 fxg4 31. Re7 Rxd5 32. Rxh7 Rdc5 33. Rd7 Bxb2 34. f5 Be5 35. Bxe5 Rxe5 36. Rh1 Ke8 37. Rg7 Rxf5 38. Rg8+ Rf8 39. Rxf8+ 1-0

[Event "SWE-ch U20"]
[Site "Uppsala"]
[Date "2016.07.18"]
[Round "3"]
[White "Svorono, Gabriel"]
[Black "Crevatin, Leo"]
[Result "1-0"]
[WhiteElo "2069"]
[BlackElo "2028"]
[PlyCount "87"]
[EventDate "2016.07.16"]
[EventType "tourn"]
[EventRounds "9"]
[EventCountry "SWE"]
[SourceTitle "CBM 173 Extra"]
[Source "ChessBase"]
[SourceDate "2016.08.29"]
[SourceVersion "1"]
[SourceVersionDate "2016.08.29"]
[SourceQuality "1"]

1. e4 c5 2. Nf3 Nc6 3. Nc3 e5 4. Bb5 d6 5. Bxc6+ bxc6 6. h3 g6 7. 0-0 Bg7 8. d3 Rb8 9. b3 Ne7 10. Re1 0-0 11. Ne2 f5 12. Ng3 d5 13. Bb2 fxe4 14. dxe4 d4 15. Qe2 Qa5 16. Qc4+ Kh8 17. Ng5 h6 18. Ne6 Bxe6 19. Qxe6 Qc7 20. a4 Rf6 21. Qc4 Bf8 22. Ba3 Nc8 23. Bxc5 Nb6 24. Bxb6 Qxb6 25. Rf1 Qb4 26. Qxb4 Bxb4 27. Ne2 c5 28. f4 exf4 29. e5 Rf5 30. Nxf4 Kg7 31. Nd3 Rbf8 32. Rxf5 Rxf5 33. Nxb4 cxb4 34. Rd1 Rxe5 35. Rxd4 a5 36. Rc4 Re2 37. Rc5 Kf6 38. Rxa5 Rxc2 39. Rb5 Rc1+ 40. Kh2 Rb1 41. Rxb4 h5 42. a5 Kf5 43. a6 Ra1 44. Ra4 1-0

[Event "Deltalift op"]
[Site "Tylosand"]
[Date "2016.05.06"]
[Round "6"]
[White "Nilsson, Anders1"]
[Black "Svorono, Gabriel"]
[Result "0-1"]
[WhiteElo "2224"]
[BlackElo "2038"]
[PlyCount "84"]
[EventDate "2016.05.05"]
[EventType "swiss"]
[EventRounds "8"]
[EventCountry "SWE"]
[SourceTitle "CBM 172 Extra"]
[Source "ChessBase"]
[SourceDate "2016.06.21"]
[SourceVersion "1"]
[SourceVersionDate "2016.06.21"]
[SourceQuality "1"]

1. d4 d5 2. Bf4 Nf6 3. e3 c5 4. Nc3 a6 5. dxc5 Nc6 6. Na4 e5 7. Bg5 Qa5+ 8. c3 Ne4 9. Nf3 Nxc5 10. Nxc5 Qxc5 11. Be2 f6 12. Bh4 Be6 13. Nd2 Be7 14. Nb3 Qb6 15. Bg4 Bf7 16. h3 0-0 17. 0-0 a5 18. Qd2 a4 19. Nc1 Na5 20. Nd3 Nc4 21. Qc2 g5 22. Bg3 Bg6 23. Rad1 f5 24. Be2 f4 25. exf4 gxf4 26. Bh2 Be4 27. b3 Qg6 28. Bg4 h5 29. bxc4 hxg4 30. hxg4 dxc4 31. Nxe5 Bxc2 32. Nxg6 Bxg6 33. Rd4 b5 34. Bxf4 Bf6 35. Rd6 Bd3 36. Rc1 Bxc3 37. Be3 Bb2 38. Rd1 Rad8 39. Rb6 c3 40. Bg5 c2 41. Re1 Rde8 42. Be3 c1Q 0-1

[Event "Rilton Cup 44th"]
[Site "Stockholm"]
[Date "2015.01.04"]
[Round "8"]
[White "Svorono, Gabriel"]
[Black "Thompson, Ian D"]
[Result "1/2-1/2"]
[WhiteElo "1884"]
[BlackElo "2195"]
[PlyCount "83"]
[EventDate "2014.12.27"]
[EventType "swiss"]
[EventRounds "9"]
[EventCountry "SWE"]
[SourceTitle "CBM 164 Extra"]
[Source "ChessBase"]
[SourceDate "2015.03.02"]
[SourceVersion "1"]
[SourceVersionDate "2015.03.02"]
[SourceQuality "1"]

1. e4 e6 2. d3 d5 3. Qe2 Nf6 4. Nf3 dxe4 5. dxe4 b6 6. e5 Ba6 7. c4 Nfd7 8. g3 Nc6 9. Bg2 Bb7 10. 0-0 Be7 11. Nc3 0-0 12. h4 Qc8 13. Bf4 Rd8 14. Rfe1 Nc5 15. Rad1 a6 16. Ng5 h6 17. Nge4 Nd4 18. Qg4 Nf5 19. Nxc5 bxc5 20. Rxd8+ Bxd8 21. Ne4 Be7 22. Rd1 Kf8 23. Qf3 Rb8 24. Qa3 Qe8 25. b3 Qc6 26. Qa5 g5 27. hxg5 hxg5 28. Bc1 Kg7 29. Ba3 Qb6 30. Qxb6 cxb6 31. Bb2 Rd8 32. Rxd8 Bxd8 33. Nd6 Bxg2 34. Nxf5+ exf5 35. Kxg2 f6 36. f4 gxf4 37. gxf4 fxe5 38. Bxe5+ Kf7 39. Kf3 Ke6 40. Ke3 b5 41. Kd3 Ba5 42. a4 1/2-1/2

[Event "Rilton Cup 44th"]
[Site "Stockholm"]
[Date "2015.01.03"]
[Round "7"]
[White "Sarandos, Vasilios"]
[Black "Svorono, Gabriel"]
[Result "1-0"]
[WhiteElo "2245"]
[BlackElo "1884"]
[PlyCount "37"]
[EventDate "2014.12.27"]
[EventType "swiss"]
[EventRounds "9"]
[EventCountry "SWE"]
[SourceTitle "CBM 164 Extra"]
[Source "ChessBase"]
[SourceDate "2015.03.02"]
[SourceVersion "1"]
[SourceVersionDate "2015.03.02"]
[SourceQuality "1"]

1. d4 Nf6 2. c4 e6 3. g3 d5 4. Nf3 Be7 5. Bg2 0-0 6. 0-0 b6 7. cxd5 exd5 8. Nc3 Bb7 9. Bf4 Nbd7 10. Rc1 c5 11. dxc5 bxc5 12. Ne5 Nb6 13. Na4 Rc8 14. Bh3 Nbd7 15. Qb3 Ba8 16. Qb5 Rb8 17. Qa6 Rb7 18. Nc6 Qe8 19. Nxe7+ 1-0

[Event "Politiken Cup 35th"]
[Site "Helsingor"]
[Date "2013.08.04"]
[Round "10"]
[White "Merkesvik, Frode"]
[Black "Svorono, Gabriel"]
[Result "0-1"]
[WhiteElo "1611"]
[BlackElo "1819"]
[PlyCount "56"]
[EventDate "2013.07.27"]
[EventType "swiss"]
[EventRounds "10"]
[EventCountry "DEN"]
[SourceTitle "CBM 155 Extra"]
[Source "ChessBase"]
[SourceDate "2013.08.26"]
[SourceVersion "1"]
[SourceVersionDate "2013.08.26"]
[SourceQuality "1"]

1. d4 f5 2. c4 Nf6 3. Nc3 e6 4. Nf3 c6 5. Bf4 d5 6. Bxb8 Rxb8 7. e3 Bd6 8. cxd5 exd5 9. a3 Qe7 10. h3 0-0 11. Qd2 Bd7 12. Be2 Ne4 13. Qc2 Qe8 14. Nxe4 fxe4 15. Nd2 Qf7 16. Rf1 Qg6 17. 0-0-0 Qxg2 18. Bg4 Bxg4 19. hxg4 Rxf2 20. Rxf2 Qxf2 21. Kb1 Qxe3 22. Nb3 Rf8 23. Na5 Rf2 24. Qc1 Qxc1+ 25. Kxc1 Bf4+ 26. Kb1 e3 27. Ka2 e2 28. Rg1 Rf1 0-1